000 00352pab a2200145 454500
008 180718b2003 xxu||||| |||| 00| 0 eng d
100 _aDutta, P.K.
245 _aRelevance of education in contemporary Indian society
260 _c2003
300 _ap.1-7.
362 _a11 Aug
650 _aEducation
773 _aUniversity News
909 _a57722
999 _c57722
_d57722